| 000 | 01269nam a2200325 i 4500 | ||
|---|---|---|---|
| 003 | EG-ScBUE | ||
| 005 | 20260203111735.0 | ||
| 008 | 210923s2021 ua f 000 f ara d | ||
| 017 | _a2021 / 14942 | ||
| 020 | _a9789778241204 | ||
| 040 |
_aEG-ScBUE _bara _erda _cEG-ScBUE _dEG-ScBUE |
||
| 041 | 1 |
_aara _hfre |
|
| 082 | 0 | 4 |
_a843.912 _bل و ب _222 |
| 100 | 1 |
_aلوبلان، موريس، _d1864-1941، _eمؤلف. |
|
| 245 | 1 | 0 |
_aأرسين لوبين يواجه شرلوك هولمز / _bرواية / _cموريس لوبلان ؛ ترجمة خميلة الجندي |
| 250 | _aالطبعة السابعة. | ||
| 264 | 1 |
_aالقاهرة : _bالرواق للنشر والتوزيع، _c2021. |
|
| 300 |
_a310 صفحة ؛ _c24 سم |
||
| 336 |
_2rdacontent _aنص _btxt |
||
| 337 |
_2rdamedia _aبدون وسيط _bn |
||
| 338 |
_2rdacarrier _aمجلد _bnc |
||
| 541 | _aBook Fair 2026. | ||
| 546 | _aالنص باللغة العربية وتم ترجمته من اللغة الفرنسية | ||
| 650 | 7 |
_aالقصص الفرنسية _yقرن 20. _2BUEsh |
|
| 650 | 7 |
_aالأدب الفرنسي _yقرن 20. _vBUEsh |
|
| 653 |
_aBUEsh _bGGEN _cFebruary2026 |
||
| 655 | 7 |
_2BUEsh _vReading book |
|
| 700 | 1 |
_aالجندي، خميلة، _eمترجم |
|
| 942 | _2ddc | ||
| 999 |
_c31077 _d31048 |
||